书目信息 |
| 题名: |
实用美语语音语调
|
|
| 作者: | 张冠林 , 孙静渊 编著 | |
| 分册: | ||
| 出版信息: | 北京 外语教学与研究出版社 1996.04 |
|
| 页数: | 269页 | |
| 开本: | 20cm | |
| 丛书名: | ||
| 单 册: | ||
| 中图分类: | H311 | |
| 科图分类: | 41.681 | |
| 主题词: | 英语-语音--美国 , 语音-英语--美国 , 英语-语调--美国 , 语调-英语--美国 | |
| 电子资源: | ||
| ISBN: | 7-5600-0886-0 | |
| 000 | 01069nam0 2200325 45 | |
| 001 | 0196035601 | |
| 005 | 20041201102507.45 | |
| 010 | @a7-5600-0886-0@dCNY 11.80 | |
| 100 | @a19960806d1996 em y0chiy0121 ea | |
| 101 | 0 | @achi@aeng |
| 102 | @aCN@b110000 | |
| 105 | @af z 000yy | |
| 200 | 10 | @a实用美语语音语调@ASHI YONG MEI YU YU YIN YU DIAO@f张冠林,孙静渊编著@FZHANG GUAN LIN , SUN JING YUAN BIAN ZHU |
| 210 | @a北京@c外语教学与研究出版社@d1996.04 | |
| 215 | @a269页@c插图@d20cm | |
| 300 | @a并列题名:A practical guide to American pronunciation | |
| 314 | @a张冠林,北京外国语大学教授 | |
| 314 | @a孙静渊,国际关系学院英语副教授 | |
| 510 | 1 | @aA practical guide to American pronunciation@zeng |
| 517 | 1 | @a美语语音语调@AMEI YU YU YIN YU DIAO |
| 606 | @a英语-语音@y美国 | |
| 606 | @a语音-英语@y美国 | |
| 606 | @a英语-语调@y美国 | |
| 606 | @a语调-英语@y美国 | |
| 690 | @aH311 | |
| 692 | @a41.681 | |
| 701 | 0 | @a张冠林@AZHANG GUAN LIN@4编著 |
| 701 | 0 | @a孙静渊@ASUN JING YUAN@4编著 |
| 801 | 0 | @aCN@bNLC@c20041201 |
| 905 | @a10447@dH311@eZ103 | |
| 实用美语语音语调/张冠林,孙静渊编著.-北京:外语教学与研究出版社,1996.04 |
| 269页:插图;20cm |
| 并列题名:A practical guide to American pronunciation |
| ISBN 7-5600-0886-0:CNY 11.80 |
| ● |
| 相关链接 |
|
|
|
正题名:实用美语语音语调
索取号:H311/Z103
 
预约/预借
| 序号 | 登录号 | 条形码 | 馆藏地/架位号 | 状态 | 备注 |
| 1 | 428951 | 204289518 | 语言库209/209语言库 90排2列2层/ [索取号:H311/Z103] | 在馆 | |
| 2 | 428952 | 204289527 | 语言库209/209语言库 101排6列5层/ [索取号:H311/Z103] | 在馆 | |
| 3 | 428953 | 204289536 | 语言库209/209语言库 101排6列5层/ [索取号:H311/Z103] | 在馆 | |
| 4 | 428954 | 204289545 | 语言库209/209语言库 101排6列5层/ [索取号:H311/Z103] | 在馆 | |
| 5 | 428955 | 204289554 | 语言库209/209语言库 90排2列2层/ [索取号:H311/Z103] | 在馆 |